000 00762nam a2200241 i 4500
001 53065
003 ES-MaACL
005 20240418104246.0
007 t|
008 031006s2001 sp ||||0| spa j
020 _a84-95418-18-5
040 _aM-BN
_bspa
_cM-BN
080 _a821.134.2-82"19"
100 1 _aAub, Max,
_d1903-1972
_923783
245 1 0 _aCuerpos presentes /
_cMax Aub ; edición, introducción y notas de José-Carlos Mainer.
260 _aSegorbe :
_bFundación Max Aub,
_c[2001]
300 _a333 p :
_b1 retr. ;
_c18 cm.
490 1 _aBiblioteca "Max Aub" ;
_v9
700 1 _aMainer, José-Carlos,
_d1944-
_975599
830 0 _aBiblioteca "Max Aub" ;
_v9
_9191028
852 _aES-MaACL
_jL-26505
_bR.132143
999 _c53065
_d53065